En torno al pensar mítico (Nueve variaciones sobre el tema del mito en folklore, arte, poesía e historia)
में बचाया:
| मुख्य लेखक: | |
|---|---|
| स्वरूप: | पुस्तक |
| भाषा: | Undetermined |
| प्रकाशित: |
Berlín, Alemania
Colloquium Verlag Otto
1961
|
| विषय: | |
| टैग: |
टैग जोड़ें
कोई टैग नहीं, इस रिकॉर्ड को टैग करने वाले पहले व्यक्ति बनें!
|
MARC
| LEADER | 00000nam a2200000Ia 4500 | ||
|---|---|---|---|
| 008 | 170316s9999 xx 000 0 und d | ||
| 090 | |a 291 F-1e | ||
| 100 | |a Ferdinandy, Miguel De | ||
| 245 | |a En torno al pensar mítico (Nueve variaciones sobre el tema del mito en folklore, arte, poesía e historia) | ||
| 260 | |a Berlín, Alemania | ||
| 260 | |b Colloquium Verlag Otto | ||
| 260 | |c 1961 | ||
| 300 | |a 261 páginas | ||
| 650 | |a MITOLOGÍA | ||
| 650 | |a PAISAJE MÍTICO | ||
| 650 | |a APOLO | ||
| 650 | |a GOETHE - POESÍA Y VERDAD | ||
| 650 | |a MIGUEL ANGEL | ||
| 650 | |a UNAMUNO | ||
| 650 | |a PORTUGAL | ||
| 999 | |c 18138 |d 18138 | ||
| 040 | |a cru BVZT | ||
| 942 | |c 15 D |h 291 F-1e |2 z | ||
